000
00290nam a22001337a 4500
020
_a
02-5000-181208
082
_a
894.812
_b
AMO/H
100
_a
PRASAD AMOR
245
_a
HIPNOTISM
260
_a
THRICHUR
_b
H & C PUBLICATIONS
300
_a
64
650
_a
ENTERTAINMENT
_z
KERALA
942
_c
BK
999
_c
1034
_d
1034